[Event "DVM U20w 2023"]
[Site "Magdeburg GER"]
[Date "2023.12.29"]
[Round "6"]
[White "Barthelmes, Venice"]
[Black "Komar, Valerie"]
[Result "0-1"]
[Termination "normal"]
[Board "7.3"]
[WhiteElo "1436"]
[BlackElo "1386"]
[WhiteClock "00:38:07"]
[BlackClock "01:20:03"]
[WhiteTeam "SF Essen-Werden 1924/80"]
[BlackTeam "SC Kreuzberg"]
[PlyCount "46"]
[WhiteFideId "16261003"]
[BlackFideId "34139664"]
[EventCountry "GER"]
[EventRounds "7"]
[EventType "team-swiss"]
[EventDate "2023.12.26"]

1. e4 {[%clk 01:30:56]} {[%emt 00:00:03]} e5 {[%clk 01:30:56]} {[%emt
00:00:05]} 2. Nf3 {[%clk 01:31:17]} {[%emt 00:00:09]} Nf6 {[%clk 01:31:22]}
{[%emt 00:00:05]} 3. Nc3 {[%clk 01:31:20]} {[%emt 00:00:27]} Bb4 {[%clk
01:31:46]} {[%emt 00:00:06]} 4. Nxe5 {[%clk 01:21:58]} {[%emt 00:09:51]} O-O
{[%clk 01:31:52]} {[%emt 00:00:24]} 5. Be2 {[%clk 01:16:39]} {[%emt 00:05:49]}
Re8 {[%clk 01:30:59]} {[%emt 00:01:22]} 6. Nf3 {[%clk 01:15:33]} {[%emt
00:01:36]} Bxc3 {[%clk 01:31:12]} {[%emt 00:00:17]} 7. bxc3 {[%clk 01:15:49]}
{[%emt 00:00:14]} Nxe4 {[%clk 01:31:17]} {[%emt 00:00:25]} 8. O-O {[%clk
01:15:36]} {[%emt 00:00:43]} Nc6 {[%clk 01:31:05]} {[%emt 00:00:43]} 9. Bb2
{[%clk 01:13:36]} {[%emt 00:02:28]} d5 {[%clk 01:31:01]} {[%emt 00:00:34]} 10.
Bb5 {[%clk 01:10:25]} {[%emt 00:03:42]} Bg4 {[%clk 01:30:22]} {[%emt 00:01:09]}
11. Bxc6 {[%clk 01:05:59]} {[%emt 00:04:56]} bxc6 {[%clk 01:30:47]} {[%emt
00:00:05]} 12. h3 {[%clk 01:03:20]} {[%emt 00:03:08]} Bxf3 {[%clk 01:31:05]}
{[%emt 00:00:12]} 13. Qxf3 {[%clk 01:01:07]} {[%emt 00:02:43]} Nxd2 {[%clk
01:31:22]} {[%emt 00:00:14]} 14. Qg3 {[%clk 00:58:03]} {[%emt 00:03:33]} Nxf1
{[%clk 01:31:34]} {[%emt 00:00:19]} 15. Kxf1 {[%clk 00:57:58]} {[%emt
00:00:34]} Rb8 {[%clk 01:31:19]} {[%emt 00:00:44]} 16. Bc1 {[%clk 00:54:48]}
{[%emt 00:03:41]} Qe7 {[%clk 01:30:33]} {[%emt 00:01:15]} 17. Be3 {[%clk
00:48:37]} {[%emt 00:06:40]} Rb2 {[%clk 01:29:46]} {[%emt 00:01:18]} 18. c4
{[%clk 00:44:50]} {[%emt 00:04:17]} Rxc2 {[%clk 01:26:37]} {[%emt 00:03:42]}
19. cxd5 {[%clk 00:44:57]} {[%emt 00:00:21]} cxd5 {[%clk 01:26:08]} {[%emt
00:01:00]} 20. Bxa7 {[%clk 00:42:44]} {[%emt 00:02:43]} c5 {[%clk 01:24:10]}
{[%emt 00:02:28]} 21. Bb6 {[%clk 00:39:05]} {[%emt 00:04:09]} Rxa2 {[%clk
01:22:01]} {[%emt 00:02:40]} 22. Rc1 {[%clk 00:37:56]} {[%emt 00:01:38]} Qe2+
{[%clk 01:21:04]} {[%emt 00:01:27]} 23. Kg1 {[%clk 00:38:07]} {[%emt 00:00:20]}
Qb2 {[%clk 01:20:03]} {[%emt 00:01:29]} 0-1

[Event "DVM U20w 2023"]
[Site "Magdeburg GER"]
[Date "2023.12.29"]
[Round "6"]
[White "Ali, Maha"]
[Black "Symanski, Linda"]
[Result "0-1"]
[Termination "normal"]
[Board "7.4"]
[WhiteElo "1411"]
[BlackElo "1281"]
[WhiteClock "00:10:19"]
[BlackClock "00:20:03"]
[WhiteTeam "SC Kreuzberg"]
[BlackTeam "SF Essen-Werden 1924/80"]
[PlyCount "118"]
[WhiteFideId "34626581"]
[BlackFideId "16284534"]
[EventCountry "GER"]
[EventRounds "7"]
[EventType "team-swiss"]
[EventDate "2023.12.26"]

1. d4 {[%clk 01:30:58]} {[%emt 00:00:02]} d5 {[%clk 01:30:55]} {[%emt
00:00:05]} 2. c4 {[%clk 01:31:19]} {[%emt 00:00:09]} c6 {[%clk 01:31:22]}
{[%emt 00:00:04]} 3. Nc3 {[%clk 01:31:40]} {[%emt 00:00:07]} Nf6 {[%clk
01:31:43]} {[%emt 00:00:10]} 4. e3 {[%clk 01:31:58]} {[%emt 00:00:11]} e6
{[%clk 01:31:33]} {[%emt 00:00:40]} 5. Nf3 {[%clk 01:31:37]} {[%emt 00:00:52]}
Nbd7 {[%clk 01:31:16]} {[%emt 00:00:48]} 6. Be2 {[%clk 01:31:13]} {[%emt
00:00:54]} Be7 {[%clk 01:30:06]} {[%emt 00:01:39]} 7. O-O {[%clk 01:30:45]}
{[%emt 00:00:58]} O-O {[%clk 01:29:49]} {[%emt 00:00:46]} 8. b3 {[%clk
01:29:32]} {[%emt 00:01:43]} Qc7 {[%clk 01:27:41]} {[%emt 00:02:38]} 9. Bb2
{[%clk 01:27:37]} {[%emt 00:02:25]} h6 {[%clk 01:24:57]} {[%emt 00:03:15]} 10.
Qc2 {[%clk 01:24:59]} {[%emt 00:03:09]} Re8 {[%clk 01:23:27]} {[%emt 00:01:59]}
11. Rfd1 {[%clk 01:23:06]} {[%emt 00:02:24]} Nh7 {[%clk 01:14:07]} {[%emt
00:09:49]} 12. Bd3 {[%clk 01:19:08]} {[%emt 00:04:28]} Nhf6 {[%clk 01:11:19]}
{[%emt 00:03:19]} 13. Rac1 {[%clk 01:17:37]} {[%emt 00:01:59]} e5 {[%clk
01:05:06]} {[%emt 00:06:44]} 14. dxe5 {[%clk 01:10:20]} {[%emt 00:07:46]} Nxe5
{[%clk 01:05:12]} {[%emt 00:00:25]} 15. Nxe5 {[%clk 01:10:29]} {[%emt
00:00:21]} Qxe5 {[%clk 01:05:36]} {[%emt 00:00:06]} 16. Nxd5 {[%clk 01:07:35]}
{[%emt 00:03:23]} Qg5 {[%clk 01:04:27]} {[%emt 00:01:40]} 17. Nxe7+ {[%clk
01:02:22]} {[%emt 00:05:44]} Rxe7 {[%clk 01:04:03]} {[%emt 00:00:53]} 18. Rd2
{[%clk 00:49:44]} {[%emt 00:13:07]} Bg4 {[%clk 00:59:45]} {[%emt 00:04:48]} 19.
Ba3 {[%clk 00:45:24]} {[%emt 00:04:50]} Rd7 {[%clk 00:58:11]} {[%emt 00:02:03]}
20. Be2 {[%clk 00:42:26]} {[%emt 00:03:30]} Rxd2 {[%clk 00:45:45]} {[%emt
00:12:56]} 21. Qxd2 {[%clk 00:42:04]} {[%emt 00:00:48]} Bxe2 {[%clk 00:45:14]}
{[%emt 00:01:04]} 22. Qxe2 {[%clk 00:42:13]} {[%emt 00:00:21]} Qa5 {[%clk
00:41:57]} {[%emt 00:03:43]} 23. Be7 {[%clk 00:39:05]} {[%emt 00:03:41]} Ne4
{[%clk 00:39:21]} {[%emt 00:03:06]} 24. Qc2 {[%clk 00:36:06]} {[%emt 00:03:30]}
Qe5 {[%clk 00:32:56]} {[%emt 00:06:53]} 25. Ba3 {[%clk 00:33:13]} {[%emt
00:03:25]} Rd8 {[%clk 00:31:35]} {[%emt 00:01:50]} 26. Bb2 {[%clk 00:31:51]}
{[%emt 00:01:53]} Qe7 {[%clk 00:30:29]} {[%emt 00:01:35]} 27. f3 {[%clk
00:30:31]} {[%emt 00:01:51]} Rd2 {[%clk 00:25:56]} {[%emt 00:05:02]} 28. Qxe4
{[%clk 00:28:26]} {[%emt 00:02:35]} Qxe4 {[%clk 00:25:30]} {[%emt 00:00:57]}
29. fxe4 {[%clk 00:28:48]} {[%emt 00:00:07]} Rxb2 {[%clk 00:25:53]} {[%emt
00:00:07]} 30. Rd1 {[%clk 00:26:19]} {[%emt 00:03:00]} Kf8 {[%clk 00:22:20]}
{[%emt 00:04:03]} 31. Rd7 {[%clk 00:24:48]} {[%emt 00:02:01]} Rxa2 {[%clk
00:20:36]} {[%emt 00:02:14]} 32. Rxb7 {[%clk 00:25:03]} {[%emt 00:00:15]} Re2
{[%clk 00:20:02]} {[%emt 00:01:04]} 33. Rxa7 {[%clk 00:24:07]} {[%emt
00:01:26]} Rxe3 {[%clk 00:20:11]} {[%emt 00:00:20]} 34. Rc7 {[%clk 00:23:15]}
{[%emt 00:01:22]} Rxb3 {[%clk 00:19:56]} {[%emt 00:00:46]} 35. Rxc6 {[%clk
00:23:33]} {[%emt 00:00:11]} Re3 {[%clk 00:19:02]} {[%emt 00:01:25]} 36. Kf2
{[%clk 00:21:36]} {[%emt 00:02:27]} Rxe4 {[%clk 00:19:15]} {[%emt 00:00:17]}
37. Kf3 {[%clk 00:21:41]} {[%emt 00:00:24]} Re1 {[%clk 00:19:06]} {[%emt
00:00:39]} 38. Rd6 {[%clk 00:19:59]} {[%emt 00:02:11]} Rc1 {[%clk 00:18:21]}
{[%emt 00:01:15]} 39. Rd4 {[%clk 00:18:48]} {[%emt 00:01:40]} Ke7 {[%clk
00:18:14]} {[%emt 00:00:38]} 40. Ke2 {[%clk 00:17:31]} {[%emt 00:01:48]} Rc2+
{[%clk 00:17:01]} {[%emt 00:01:42]} 41. Kf3 {[%clk 00:15:09]} {[%emt 00:02:51]}
Ke6 {[%clk 00:15:08]} {[%emt 00:02:24]} 42. Rg4 {[%clk 00:14:21]} {[%emt
00:01:18]} g5 {[%clk 00:12:43]} {[%emt 00:02:56]} 43. Re4+ {[%clk 00:12:40]}
{[%emt 00:02:11]} Kf5 {[%clk 00:09:52]} {[%emt 00:03:20]} 44. g4+ {[%clk
00:10:59]} {[%emt 00:02:12]} Kg6 {[%clk 00:08:07]} {[%emt 00:02:10]} 45. Ke3
{[%clk 00:07:21]} {[%emt 00:04:13]} Rxh2 {[%clk 00:06:17]} {[%emt 00:02:21]}
46. c5 {[%clk 00:07:32]} {[%emt 00:00:17]} Rc2 {[%clk 00:05:44]} {[%emt
00:01:04]} 47. Re5 {[%clk 00:07:21]} {[%emt 00:00:41]} h5 {[%clk 00:24:48]}
{[%emt 00:11:26]} 48. Kd4 {[%clk 00:23:37]} {[%emt 00:14:15]} h4 {[%clk
00:24:39]} {[%emt 00:00:39]} 49. Kd5 {[%clk 00:21:36]} {[%emt 00:02:32]} h3
{[%clk 00:23:16]} {[%emt 00:01:53]} 50. c6 {[%clk 00:20:54]} {[%emt 00:01:11]}
Rc1 {[%clk 00:19:08]} {[%emt 00:04:38]} 51. Re2 {[%clk 00:19:25]} {[%emt
00:01:58]} f5 {[%clk 00:18:38]} {[%emt 00:01:01]} 52. Kd6 {[%clk 00:09:18]}
{[%emt 00:10:37]} fxg4 {[%emt 00:00:27]} 53. Rh2 {[%clk 00:08:40]} {[%emt
00:01:06]} g3 {[%clk 00:18:15]} {[%emt 00:00:58]} 54. Rxh3 {[%clk 00:08:36]}
{[%emt 00:00:35]} g2 {[%clk 00:18:35]} {[%emt 00:00:08]} 55. Rg3 {[%clk
00:08:55]} {[%emt 00:00:11]} g1=Q {[%clk 00:18:53]} {[%emt 00:00:12]} 56. Rxg1
{[%clk 00:09:18]} {[%emt 00:00:07]} Rxg1 {[%clk 00:19:18]} {[%emt 00:00:06]}
57. Kd7 {[%clk 00:09:40]} {[%emt 00:00:08]} Rc1 {[%clk 00:19:35]} {[%emt
00:00:12]} 58. c7 {[%clk 00:10:00]} {[%emt 00:00:10]} g4 {[%clk 00:19:39]}
{[%emt 00:00:26]} 59. c8=Q {[%clk 00:10:19]} {[%emt 00:00:10]} Rxc8 {[%clk
00:20:03]} {[%emt 00:00:07]} 0-1

[Event "DVM U20w 2023"]
[Site "Magdeburg GER"]
[Date "2023.12.29"]
[Round "6"]
[White "Wolterink, Jule"]
[Black "Kohl, Natalie"]
[Result "1-0"]
[Termination "normal"]
[Board "8.1"]
[WhiteElo "1474"]
[BlackElo "1504"]
[WhiteClock "00:29:58"]
[BlackClock "00:04:19"]
[WhiteTeam "SK Lehrte 1919"]
[BlackTeam "Meuselwitzer SV"]
[PlyCount "57"]
[WhiteFideId "12981206"]
[BlackFideId "12967408"]
[EventCountry "GER"]
[EventRounds "7"]
[EventType "team-swiss"]
[EventDate "2023.12.26"]

1. d4 {[%clk 01:30:56]} {[%emt 00:00:03]} Nf6 {[%clk 01:30:22]} {[%emt
00:00:39]} 2. Nf3 {[%clk 01:31:20]} {[%emt 00:00:06]} e6 {[%clk 01:30:29]}
{[%emt 00:00:23]} 3. Bf4 {[%clk 01:31:25]} {[%emt 00:00:25]} c5 {[%clk
01:30:30]} {[%emt 00:00:29]} 4. e3 {[%clk 01:28:29]} {[%emt 00:03:26]} Qb6
{[%clk 01:30:07]} {[%emt 00:00:52]} 5. Nc3 {[%clk 01:28:17]} {[%emt 00:00:42]}
Qxb2 {[%clk 01:28:18]} {[%emt 00:02:18]} 6. Nb5 {[%clk 01:27:42]} {[%emt
00:01:05]} Nd5 {[%clk 01:27:49]} {[%emt 00:01:00]} 7. Nd6+ {[%clk 01:23:47]}
{[%emt 00:04:25]} Bxd6 {[%clk 01:27:49]} {[%emt 00:00:29]} 8. Bxd6 {[%emt
00:00:05]} Nc3 {[%clk 01:23:26]} {[%emt 00:04:51]} 9. Qc1 {[%clk 01:23:16]}
{[%emt 00:01:29]} Qxc1+ {[%clk 01:19:46]} {[%emt 00:04:09]} 10. Rxc1 {[%clk
01:23:39]} {[%emt 00:00:08]} Nxa2 {[%clk 01:18:57]} {[%emt 00:01:19]} 11. Ra1
{[%clk 01:21:28]} {[%emt 00:02:41]} Nb4 {[%clk 01:17:00]} {[%emt 00:02:27]} 12.
Kd2 {[%clk 01:19:39]} {[%emt 00:02:19]} N8c6 {[%clk 01:11:54]} {[%emt
00:05:36]} 13. Bxc5 {[%clk 01:18:03]} {[%emt 00:02:07]} f6 {[%clk 01:05:08]}
{[%emt 00:07:14]} 14. Bc4 {[%clk 01:12:13]} {[%emt 00:06:20]} Kf7 {[%clk
00:59:02]} {[%emt 00:06:36]} 15. Rhb1 {[%clk 01:08:28]} {[%emt 00:04:15]} d5
{[%clk 00:49:04]} {[%emt 00:10:29]} 16. Bb5 {[%clk 01:05:24]} {[%emt 00:03:34]}
Na6 {[%clk 00:45:38]} {[%emt 00:03:55]} 17. Rxa6 {[%clk 01:01:23]} {[%emt
00:04:32]} b6 {[%clk 00:24:58]} {[%emt 00:21:09]} 18. Raa1 {[%clk 00:52:40]}
{[%emt 00:09:13]} Bb7 {[%clk 00:16:12]} {[%emt 00:09:16]} 19. Bd3 {[%clk
00:47:41]} {[%emt 00:05:30]} e5 {[%clk 00:13:14]} {[%emt 00:03:27]} 20. dxe5
{[%clk 00:43:55]} {[%emt 00:04:17]} fxe5 {[%clk 00:09:56]} {[%emt 00:03:48]}
21. e4 {[%clk 00:41:32]} {[%emt 00:02:53]} Rhd8 {[%clk 00:09:10]} {[%emt
00:01:16]} 22. Ke2 {[%clk 00:33:55]} {[%emt 00:08:08]} dxe4 {[%clk 00:05:14]}
{[%emt 00:04:27]} 23. Bxe4 {[%clk 00:34:18]} {[%emt 00:00:06]} Nd4+ {[%clk
00:05:00]} {[%emt 00:00:43]} 24. Bxd4 {[%clk 00:32:53]} {[%emt 00:01:55]} Bxe4
{[%clk 00:05:16]} {[%emt 00:00:15]} 25. Ng5+ {[%clk 00:32:02]} {[%emt
00:01:21]} Kf6 {[%clk 00:05:16]} {[%emt 00:00:29]} 26. Nxe4+ {[%clk 00:32:03]}
{[%emt 00:00:30]} Ke6 {[%clk 00:04:03]} {[%emt 00:01:41]} 27. Be3 {[%clk
00:30:50]} {[%emt 00:01:45]} Rac8 {[%clk 00:04:07]} {[%emt 00:00:26]} 28. Rxa7
{[%clk 00:29:55]} {[%emt 00:01:24]} Rxc2+ {[%clk 00:04:19]} {[%emt 00:00:18]}
29. Nd2 {[%clk 00:29:58]} {[%emt 00:00:26]} 1-0

[Event "DVM U20w 2023"]
[Site "Magdeburg GER"]
[Date "2023.12.29"]
[Round "6"]
[White "Mai, Mariella"]
[Black "Stelter, Finja"]
[Result "1/2-1/2"]
[Termination "normal"]
[Board "8.2"]
[WhiteElo "1667"]
[BlackElo "1310"]
[WhiteClock "00:45:54"]
[BlackClock "00:47:37"]
[WhiteTeam "Meuselwitzer SV"]
[BlackTeam "SK Lehrte 1919"]
[PlyCount "40"]
[WhiteFideId "16281780"]
[BlackFideId "16298624"]
[EventCountry "GER"]
[EventRounds "7"]
[EventType "team-swiss"]
[EventDate "2023.12.26"]

1. f4 {[%clk 01:30:58]} {[%emt 00:00:03]} d5 {[%clk 01:30:20]} {[%emt
00:00:40]} 2. Nf3 {[%clk 01:31:00]} {[%emt 00:00:28]} c5 {[%clk 01:30:27]}
{[%emt 00:00:24]} 3. e3 {[%clk 01:30:57]} {[%emt 00:00:31]} Nf6 {[%clk
01:29:57]} {[%emt 00:01:00]} 4. d4 {[%clk 01:29:35]} {[%emt 00:01:52]} e6
{[%clk 01:29:51]} {[%emt 00:00:37]} 5. c3 {[%clk 01:29:22]} {[%emt 00:00:43]}
Bd6 {[%clk 01:28:55]} {[%emt 00:01:25]} 6. Be2 {[%clk 01:29:19]} {[%emt
00:00:33]} Nc6 {[%clk 01:29:01]} {[%emt 00:00:25]} 7. O-O {[%clk 01:28:09]}
{[%emt 00:01:39]} O-O {[%clk 01:28:26]} {[%emt 00:01:05]} 8. Bd2 {[%clk
01:26:52]} {[%emt 00:01:47]} Ne4 {[%clk 01:27:47]} {[%emt 00:01:09]} 9. Be1
{[%clk 01:26:44]} {[%emt 00:00:38]} Bd7 {[%clk 01:24:02]} {[%emt 00:04:15]} 10.
Nbd2 {[%clk 01:26:25]} {[%emt 00:00:48]} cxd4 {[%clk 01:23:46]} {[%emt
00:00:47]} 11. Nxd4 {[%clk 01:24:31]} {[%emt 00:02:22]} Nxd4 {[%clk 01:21:25]}
{[%emt 00:02:53]} 12. exd4 {[%clk 01:24:51]} {[%emt 00:00:11]} Qc7 {[%clk
01:16:42]} {[%emt 00:05:11]} 13. Nxe4 {[%clk 01:23:48]} {[%emt 00:01:34]} dxe4
{[%clk 01:17:00]} {[%emt 00:00:11]} 14. Bg3 {[%clk 01:24:01]} {[%emt 00:00:18]}
f5 {[%clk 01:16:28]} {[%emt 00:01:02]} 15. Qb3 {[%clk 01:22:55]} {[%emt
00:01:35]} Rac8 {[%clk 01:14:23]} {[%emt 00:02:35]} 16. c4 {[%clk 01:07:58]}
{[%emt 00:15:24]} b6 {[%clk 01:08:20]} {[%emt 00:06:38]} 17. Rad1 {[%clk
01:06:02]} {[%emt 00:02:25]} Be8 {[%clk 00:58:19]} {[%emt 00:10:31]} 18. Qe3
{[%clk 01:00:15]} {[%emt 00:06:16]} Bf7 {[%clk 00:54:48]} {[%emt 00:04:03]} 19.
Be1 {[%clk 00:58:55]} {[%emt 00:01:48]} Rfd8 {[%emt 00:08:20]} 20. Bc3 {[%clk
00:45:54]} {[%emt 00:07:51]} Rd7 {[%clk 00:47:37]} {[%emt 00:05:31]} 1/2-1/2

[Event "DVM U20w 2023"]
[Site "Magdeburg GER"]
[Date "2023.12.29"]
[Round "6"]
[White "Thiele, Lea-Marie"]
[Black "Scheiding, Sophia"]
[Result "1-0"]
[Termination "normal"]
[Board "8.3"]
[WhiteElo "1337"]
[BlackElo "1421"]
[WhiteClock "00:43:41"]
[BlackClock "00:06:50"]
[WhiteTeam "SK Lehrte 1919"]
[BlackTeam "Meuselwitzer SV"]
[PlyCount "79"]
[WhiteFideId "16298616"]
[BlackFideId "16287010"]
[EventCountry "GER"]
[EventRounds "7"]
[EventType "team-swiss"]
[EventDate "2023.12.26"]

1. d4 {[%clk 01:30:57]} {[%emt 00:00:02]} d5 {[%clk 01:30:31]} {[%emt
00:00:29]} 2. c4 {[%clk 01:30:58]} {[%emt 00:00:29]} e6 {[%clk 01:30:41]}
{[%emt 00:00:21]} 3. Nc3 {[%clk 01:30:54]} {[%emt 00:00:34]} Nf6 {[%clk
01:30:45]} {[%emt 00:00:26]} 4. Bg5 {[%clk 01:30:36]} {[%emt 00:00:46]} c6
{[%clk 01:30:08]} {[%emt 00:01:08]} 5. e3 {[%clk 01:30:01]} {[%emt 00:01:05]}
Nbd7 {[%clk 01:29:13]} {[%emt 00:01:26]} 6. Nf3 {[%clk 01:29:00]} {[%emt
00:01:31]} Qa5 {[%clk 01:22:23]} {[%emt 00:07:18]} 7. Qc2 {[%clk 01:24:19]}
{[%emt 00:05:12]} Bb4 {[%clk 01:08:13]} {[%emt 00:14:39]} 8. Nd2 {[%clk
01:17:22]} {[%emt 00:07:29]} Bxc3 {[%clk 00:54:52]} {[%emt 00:13:51]} 9. bxc3
{[%clk 01:17:14]} {[%emt 00:00:39]} Qc7 {[%clk 00:51:02]} {[%emt 00:04:15]} 10.
Bd3 {[%clk 01:16:27]} {[%emt 00:01:21]} h6 {[%clk 00:50:06]} {[%emt 00:01:26]}
11. Bf4 {[%clk 01:15:53]} {[%emt 00:01:04]} Qd8 {[%clk 00:47:46]} {[%emt
00:02:50]} 12. Bd6 {[%clk 01:15:59]} {[%emt 00:00:23]} b6 {[%clk 00:46:10]}
{[%emt 00:02:07]} 13. Bg6 {[%clk 01:15:44]} {[%emt 00:00:44]} Nf8 {[%clk
00:39:55]} {[%emt 00:06:45]} 14. Bxf8 {[%clk 01:14:21]} {[%emt 00:01:52]} Rxf8
{[%clk 00:39:34]} {[%emt 00:00:53]} 15. Bd3 {[%clk 01:10:56]} {[%emt 00:03:55]}
Qc7 {[%clk 00:36:16]} {[%emt 00:03:48]} 16. Nf3 {[%clk 01:10:12]} {[%emt
00:01:14]} Nd7 {[%clk 00:35:30]} {[%emt 00:01:16]} 17. g4 {[%clk 01:08:46]}
{[%emt 00:01:56]} e5 {[%clk 00:33:03]} {[%emt 00:02:58]} 18. cxd5 {[%clk
01:07:54]} {[%emt 00:01:21]} cxd5 {[%clk 00:33:10]} {[%emt 00:00:24]} 19. Bb5
{[%clk 01:08:17]} {[%emt 00:00:06]} e4 {[%clk 00:32:37]} {[%emt 00:01:02]} 20.
Ne5 {[%clk 01:08:41]} {[%emt 00:00:06]} a6 {[%clk 00:31:26]} {[%emt 00:01:42]}
21. Bc6 {[%clk 01:08:11]} {[%emt 00:00:58]} Ra7 {[%clk 00:30:50]} {[%emt
00:01:07]} 22. Qb3 {[%clk 01:07:07]} {[%emt 00:01:33]} f6 {[%clk 00:25:14]}
{[%emt 00:06:06]} 23. Nxd7 {[%clk 01:05:04]} {[%emt 00:02:34]} Bxd7 {[%clk
00:24:46]} {[%emt 00:00:58]} 24. Bxd5 {[%clk 01:05:10]} {[%emt 00:00:25]} Bc6
{[%clk 00:24:44]} {[%emt 00:00:32]} 25. Kd2 {[%clk 01:00:20]} {[%emt 00:05:20]}
Qb7 {[%clk 00:23:05]} {[%emt 00:02:09]} 26. Bxc6+ {[%clk 00:59:09]} {[%emt
00:01:40]} Qxc6 {[%clk 00:23:22]} {[%emt 00:00:13]} 27. Rab1 {[%clk 00:58:52]}
{[%emt 00:00:47]} Rb7 {[%clk 00:23:25]} {[%emt 00:00:27]} 28. c4 {[%clk
00:56:02]} {[%emt 00:03:20]} Rff7 {[%clk 00:22:12]} {[%emt 00:01:39]} 29. d5
{[%clk 00:55:58]} {[%emt 00:00:38]} Qc8 {[%clk 00:19:28]} {[%emt 00:02:56]} 30.
Qa4+ {[%clk 00:55:16]} {[%emt 00:01:30]} b5 {[%clk 00:15:05]} {[%emt 00:04:53]}
31. cxb5 {[%clk 00:54:21]} {[%emt 00:01:25]} Qd7 {[%clk 00:11:41]} {[%emt
00:03:55]} 32. Qxe4+ {[%clk 00:53:32]} {[%emt 00:01:19]} Re7 {[%clk 00:11:18]}
{[%emt 00:00:52]} 33. Qc4 {[%clk 00:50:24]} {[%emt 00:03:39]} Rc7 {[%clk
00:10:09]} {[%emt 00:01:39]} 34. Qb3 {[%clk 00:50:44]} {[%emt 00:00:09]} Rc5
{[%clk 00:10:06]} {[%emt 00:00:32]} 35. bxa6 {[%clk 00:47:38]} {[%emt
00:03:38]} Rxd5+ {[%clk 00:09:45]} {[%emt 00:00:51]} 36. Ke1 {[%clk 00:47:54]}
{[%emt 00:00:13]} Qe6 {[%clk 00:07:11]} {[%emt 00:03:04]} 37. Qb8+ {[%clk
00:46:15]} {[%emt 00:02:10]} Rd8 {[%clk 00:07:09]} {[%emt 00:00:32]} 38. a7
{[%clk 00:43:13]} {[%emt 00:03:32]} Qxa2 {[%clk 00:06:32]} {[%emt 00:01:07]}
39. Qxd8+ {[%clk 00:43:16]} {[%emt 00:00:27]} Kxd8 {[%clk 00:06:50]} {[%emt
00:00:11]} 40. Rb8+ {[%clk 00:43:41]} {[%emt 00:00:05]} 1-0

[Event "DVM U20w 2023"]
[Site "Magdeburg GER"]
[Date "2023.12.29"]
[Round "6"]
[White "Ignatova, Gabriela"]
[Black "Daoud, Shahnaz"]
[Result "1/2-1/2"]
[Termination "normal"]
[Board "8.4"]
[WhiteElo "1202"]
[BlackElo "1346"]
[WhiteClock "00:45:19"]
[BlackClock "00:43:15"]
[WhiteTeam "Meuselwitzer SV"]
[BlackTeam "SK Lehrte 1919"]
[PlyCount "41"]
[WhiteFideId "34623698"]
[BlackFideId "16297750"]
[EventCountry "GER"]
[EventRounds "7"]
[EventType "team-swiss"]
[EventDate "2023.12.26"]

1. e4 {[%clk 01:30:43]} {[%emt 00:00:16]} c6 {[%clk 01:30:52]} {[%emt
00:00:08]} 2. d4 {[%clk 01:31:09]} {[%emt 00:00:05]} d5 {[%clk 01:31:18]}
{[%emt 00:00:04]} 3. Nc3 {[%clk 01:31:31]} {[%emt 00:00:07]} dxe4 {[%clk
01:31:36]} {[%emt 00:00:12]} 4. Nxe4 {[%clk 01:31:45]} {[%emt 00:00:15]} Bf5
{[%clk 01:31:51]} {[%emt 00:00:14]} 5. Ng3 {[%clk 01:31:54]} {[%emt 00:00:22]}
Bg6 {[%clk 01:32:08]} {[%emt 00:00:13]} 6. h4 {[%clk 01:31:54]} {[%emt
00:00:30]} h6 {[%clk 01:32:31]} {[%emt 00:00:07]} 7. Nf3 {[%clk 01:31:51]}
{[%emt 00:00:33]} Nf6 {[%clk 01:31:57]} {[%emt 00:01:04]} 8. Bc4 {[%clk
01:30:53]} {[%emt 00:01:28]} e6 {[%clk 01:28:52]} {[%emt 00:03:35]} 9. Bf4
{[%clk 01:26:46]} {[%emt 00:04:38]} Bd6 {[%clk 01:22:10]} {[%emt 00:07:13]} 10.
Bxd6 {[%clk 01:13:44]} {[%emt 00:13:32]} Qxd6 {[%clk 01:22:22]} {[%emt
00:00:16]} 11. Qe2 {[%clk 01:14:01]} {[%emt 00:00:14]} Nbd7 {[%clk 01:16:05]}
{[%emt 00:06:47]} 12. O-O-O {[%clk 01:12:36]} {[%emt 00:01:55]} O-O {[%clk
01:08:18]} {[%emt 00:08:18]} 13. Ne5 {[%clk 01:10:49]} {[%emt 00:02:17]} Bh7
{[%clk 01:06:14]} {[%emt 00:02:33]} 14. Rhe1 {[%clk 01:05:08]} {[%emt
00:06:10]} Rfe8 {[%clk 01:03:54]} {[%emt 00:02:51]} 15. Nh5 {[%clk 00:55:53]}
{[%emt 00:09:46]} Nxh5 {[%clk 00:55:26]} {[%emt 00:08:57]} 16. Qxh5 {[%clk
00:55:21]} {[%emt 00:01:02]} Nxe5 {[%clk 00:55:22]} {[%emt 00:00:35]} 17. Qxe5
{[%clk 00:52:11]} {[%emt 00:03:41]} Rad8 {[%clk 00:46:38]} {[%emt 00:09:13]}
18. Qxd6 {[%clk 00:47:56]} {[%emt 00:04:45]} Rxd6 {[%clk 00:46:06]} {[%emt
00:01:02]} 19. d5 {[%clk 00:47:01]} {[%emt 00:01:25]} e5 {[%clk 00:43:15]}
{[%emt 00:03:21]} 20. dxc6 {[%clk 00:45:12]} {[%emt 00:02:18]} Rxc6 {[%clk
00:43:15]} {[%emt 00:00:32]} 21. Bb3 {[%clk 00:45:19]} {[%emt 00:00:22]}
1/2-1/2